The effect of tyre pressure on soil compaction, ឥទ្ធិពលនៃសំពាធកង់ត្រាក់ទ័រលើការហាប់របស់ដី. (Record no. 4215)

000 -LEADER
fixed length control field 00562nam a22001577a 4500
003 - CONTROL NUMBER IDENTIFIER
control field OSt
005 - DATE AND TIME OF LATEST TRANSACTION
control field 20151208105726.0
008 - FIXED-LENGTH DATA ELEMENTS--GENERAL INFORMATION
fixed length control field 151208b xxu||||| |||| 00| 0 eng d
040 ## - CATALOGING SOURCE
Transcribing agency RUA
082 ## - DEWEY DECIMAL CLASSIFICATION NUMBER
Classification number ATM MOU 2000 B191 Or.1
100 ## - MAIN ENTRY--PERSONAL NAME
9 (RLIN) 4524
Personal name MOUNG NOLY; មួង ណូលី.
245 ## - TITLE STATEMENT
Title The effect of tyre pressure on soil compaction, ឥទ្ធិពលនៃសំពាធកង់ត្រាក់ទ័រលើការហាប់របស់ដី.
260 ## - PUBLICATION, DISTRIBUTION, ETC. (IMPRINT)
Place of publication, distribution, etc. Phnom Penh
Name of publisher, distributor, etc. RUA
Date of publication, distribution, etc. 2000
300 ## - PHYSICAL DESCRIPTION
Extent iii; 68p.
Other physical details ill.
Dimensions 29cm.
942 ## - ADDED ENTRY ELEMENTS (KOHA)
Source of classification or shelving scheme
Koha item type ATM
Holdings
Price effective from Date last seen Permanent Location Not for loan Date acquired Source of classification or shelving scheme Koha item type Lost status Withdrawn status Total Renewals Date last checked out Total Checkouts Shelving location Damaged status Barcode Current Location Full call number
2015-12-082015-12-08Library Block B 2015-12-08 ATM     B191 RUA017782Library Block BATM MOU 2000 B191 Or.1
2015-12-082015-12-08Library Block B 2015-12-08 ATM     B191 RUA017543Library Block BATM MOU 2000 B191 Or.2
2015-12-082018-07-03Library Block B 2015-12-08 ATM  22018-06-152B191 RUA017687Library Block BATM MOU 2000 B191 Or.3
មជ្ឈមណ្ឌលឯការនៃសាកលវិទ្យាល័យភូមិន្ទកសិកម្មចំការដូង

Powered by Koha